Genderový audit je příležitost rozvíjet firmu i zaměstnané

Genderový audit zachytáva firmu z hľadiska rovnakých príležitostí žien a mužov. Ako audit prebieha a ako poznať kvalitný genderový audit.

Saved in:
Bibliographic Details
Main Author: Hlucháňová, Zuzana
Format: Book Chapter
Language:Czech
Subjects:
Tags: Add Tag
No Tags, Be the first to tag this record!

MARC

LEADER 00000naa a2200000 4500
001 0146028
005 20231019115611.2
041 0 |a cze 
044 |a CZ 
245 1 0 |a Genderový audit je příležitost rozvíjet firmu i zaměstnané  |c Zuzana Hlucháňová 
520 |a Genderový audit zachytáva firmu z hľadiska rovnakých príležitostí žien a mužov. Ako audit prebieha a ako poznať kvalitný genderový audit. 
610 2 0 |a vzťahy genderové 
610 2 0 |a nerovnosť rodová 
610 2 0 |a muži 
610 2 0 |a ženy 
610 2 0 |a podnik 
610 2 0 |a audit interný 
100 1 |a Hlucháňová, Zuzana